00572cam a22001452 4500001001100000005001700011008004100028100003200069245014300101260004100244300003100285502004500316650004100361650002400402000002343920151217161557.0121129s xx 000 0 eng d1 aGachoka, Janet.@000018282710aeffects of strategies used in enhancing the competitiveness of tour and travel industry :ba case of Nakuru municipality /cJanet Gachoka. aNakuru :bKabarak University,c2012. aix, 49 leaves +e1 CD-ROM. aThesis (MBA) - Kabarak University, 2012. 0aTourism.zKenyazNakuru.@0000182828 0aTravel.@0000182829